Linh kiện bán dẫn và vi điện tử
Kaydedildi:
| Yazar: | |
|---|---|
| Materyal Türü: | Kitap |
| Dil: | Undetermined |
| Baskı/Yayın Bilgisi: |
H.
KHKT
2001
|
| Konular: | |
| Etiketler: |
Etiketle
Etiket eklenmemiş, İlk siz ekleyin!
|
| Thư viện lưu trữ: | Trung tâm Học liệu Trường Đại học Cần Thơ |
|---|
| LEADER | 00530nam a2200181Ia 4500 | ||
|---|---|---|---|
| 001 | CTU_46648 | ||
| 008 | 210402s9999 xx 000 0 und d | ||
| 082 | |a 621.38152 | ||
| 082 | |b S464 | ||
| 100 | |a VÕ THẠCH SƠN | ||
| 245 | 0 | |a Linh kiện bán dẫn và vi điện tử | |
| 245 | 0 | |c VÕ THẠCH SƠN | |
| 260 | |a H. | ||
| 260 | |b KHKT | ||
| 260 | |c 2001 | ||
| 650 | |a diodes,microelectronics,semiconductors,thyristors,transistors | ||
| 904 | |i Minh | ||
| 980 | |a Trung tâm Học liệu Trường Đại học Cần Thơ | ||